| 000 | 00529nam a22001697a 4500 | ||
|---|---|---|---|
| 003 | OSt | ||
| 008 | 260427b |||||||| |||| 00| 0 eng d | ||
| 082 |
_a635.642 _bT29C |
||
| 100 | _aTewary, Hare Krishna | ||
| 245 | _aComparative Studies on the Performances of Jalshakti and Organic Mulch in Economising Irrigation on Tomato (Solanum lycopersicum Mill.) | ||
| 260 |
_aPusa, Samastipur _bRAU _c1993 |
||
| 300 | _a80P. | ||
| 502 |
_bMsc. _d1993 |
||
| 650 | _aVegetables & Floriculture | ||
| 650 | _aHorticulture | ||
| 942 |
_2ddc _cT |
||
| 999 |
_c50213 _d50213 |
||